| 000 | 00366nam a2200121Ia 4500 | ||
|---|---|---|---|
| 008 | 250110s9999 xx 000 0 und d | ||
| 041 | _aeng | ||
| 100 |
_aKumbhar Dhavalshree _9182367 |
||
| 245 | _aLandscape Development Proposal For Krishna Riverfront Sangli | ||
| 260 |
_bM Arch Landscape, Pune _c2012 |
||
| 300 | _a80p | ||
| 700 |
_aGuide Name:Madkaikar Ajit _9210037 |
||
| 999 |
_c363230 _d363230 |
||